000 00301nam a2200109Ia 4500
008 200302s9999 xx 000 0 und d
100 _aPat Guthrie
245 _aCross- Check Integrating Building Systems and Working Drawings
260 _bTata Mcgraw-Hill Com. Ltd.
260 _c1998
300 _a181 P.,
999 _c1500
_d1500